000 00672nam a22002057a 4500
999 _c20602
_d20602
003 AR-CdUCM
008 190531b ||||| |||| 00| 0 spa d
040 _aMUNICIPALIDAD PROVINCIAL DEL CUSCO
_cBIBLIOTECA MUNICIPAL DEL CUSCO
082 _a320.94 /
_bN38
100 _aNelken, Margarita
_932718
245 _aLas torres del Kremlin /
260 _aMéxico, D.F :
_bGrafos,
_c1943.
300 _a340 páginas ;
_c23 cm.
505 _aContenido: Las rutas del nazismo -- Atila -- El alba -- Colofón emocional.
650 _aPolítica mundial
_93360
650 _aGuerra Mundial
_914440
650 _aAlemania
_91327
942 _2ddc
_cLIBROS
945 _adavv
_d2019-05-31